| 000 | 00602nam a2200145Ia 4500 | ||
|---|---|---|---|
| 008 | 260210s9999 xx 000 0 und d | ||
| 024 | _a17B-056-EE, 17B-064-EE, 17B-087-EE & 17B-101-EE | ||
| 082 | _a681.757072 AHM | ||
| 100 | _aMirza Sumair Ahmed, Syeda Fatima Aijaz, Aziz Zakir & Muhammad Ahsan | ||
| 245 | 0 | _aPortable Incubator for Remote Areas (with CD) | |
| 260 |
_aKarachi: _bUITU, _c2017 |
||
| 600 | _aElectronic Engineering | ||
| 650 | _aBachelor of Engineering (BE) | ||
| 856 |
_uhttps://drive.google.com/file/d/1d56fvHzc5u6Vv5XQ09Syjv9GZWZaiQyk/view?usp=sharing _yClick here for PDF |
||
| 999 |
_c33275 _d33275 |
||